|
|
|
|
| LEADER |
01070nam a2200253 a 4500 |
| 001 |
31869 |
| 003 |
BD-DhAAL |
| 005 |
20211207113804.0 |
| 008 |
170719s2016 bg 001 0 eng d |
| 999 |
|
|
|c 38176
|d 38176
|
| 040 |
|
|
|a BD-DhAAL
|c BD-DhAAL
|d BD-DhAAL
|
| 082 |
0 |
0 |
|a 354.549200722
|2 22
|
| 100 |
1 |
|
|a Muhit, Abul Mal Abdul.
|9 7392
|
| 245 |
0 |
0 |
|a Budget speech 2016-17 :
|b marching towards growth, development, and equitable society /
|c Abul Mal Abdul Muhit
|
| 260 |
|
|
|a Dhaka :
|b Ministry of Finance, Government of the People's Republic of Bangladesh,
|c 2016
|
| 300 |
|
|
|a iii, 126 pages :
|b illustrations ;
|c 25 cm.
|
| 526 |
|
|
|a ESS
|
| 541 |
|
|
|a 31869
|
| 650 |
|
0 |
|a Budget
|z Bangladesh.
|9 7393
|
| 650 |
|
0 |
|a Economics.
|9 43477
|
| 710 |
2 |
|
|a Ministry of Finance, Government of the People's Republic of Bangladesh.
|9 7394
|
| 852 |
1 |
|
|a Ayesha Abed Library
|j General shelf
|
| 942 |
|
|
|2 ddc
|c BK
|
| 952 |
|
|
|0 0
|1 0
|2 ddc
|4 0
|6 354_549200722000000_MUH
|7 0
|9 60861
|a BRACUL
|b BRACUL
|c GEN
|d 2017-07-04
|e Lucky Book Seller
|g 140.00
|l 0
|o 354.549200722 MUH
|p 3010031869
|r 2017-07-04
|t 1
|v 140.00
|w 2017-07-04
|y BK
|